Southville International School and Colleges
Your cart is empty.
  • Cart
  • Lists
    Public lists Eva Luna New books Lux_list list_1
    Your lists Log in to create your own lists
  • Log in to your account
  • Your cookies
  • Search history
Southville International School and Colleges
  • Advanced search
  • Recent comments
  • Most popular
  • Libraries

Log in to your account

Log in with GOOGLE


If you do not have an external account, but do have a local account, you can still log in:

  1. Home
  2. MARC view: I want ot be an Astronaut. /
Normal view MARC view ISBD view

I want ot be an Astronaut. / (Record no. 104324)

[ view plain ]
MARC details
000 -LEADER
fixed length control field 00469nam a2200169 a 4500
005 - DATE AND TIME OF LATEST TRANSACTION
control field 20140412111319.0
008 - FIXED-LENGTH DATA ELEMENTS--GENERAL INFORMATION
fixed length control field 000823s19uu xx 00 eng d
020 ## - INTERNATIONAL STANDARD BOOK NUMBER
International Standard Book Number 0-590-42928-0
050 ## - LIBRARY OF CONGRESS CALL NUMBER
Classification number TR(PS E
Item number Iw1 1988
100 ## - MAIN ENTRY--PERSONAL NAME
Personal name Barton, Byron
245 ## - TITLE STATEMENT
Title I want ot be an Astronaut. /
Statement of responsibility, etc by Byron Barton.
260 ## - PUBLICATION, DISTRIBUTION, ETC. (IMPRINT)
Place of publication, distribution, etc New York :
Name of publisher, distributor, etc Scholastic Inc,
Date of publication, distribution, etc 1988.
300 ## - PHYSICAL DESCRIPTION
Extent 1 v. (unp.) ; ill.
650 ## - SUBJECT ADDED ENTRY--TOPICAL TERM
Topical term or geographic name as entry element Dreams-Fiction
650 ## - SUBJECT ADDED ENTRY--TOPICAL TERM
Topical term or geographic name as entry element Astronaut-Fiction
Holdings
Withdrawn status Lost status Damaged status Use restrictions Home library Current library Shelving location Date acquired Source of acquisition Total Checkouts Full call number Barcode Date last seen Price effective from Koha item type
        Elizalde Library Elizalde Library Teachers Reference Section 08/23/2000     TR(PS E Iw1 1988 E7359 04/12/2014 04/12/2014 Books

I want ot be an Astronaut. /

APA

Barton B., . (1988). I want ot be an Astronaut. New York: Scholastic Inc.

Chicago

Barton Byron, . 1988. I want ot be an Astronaut. New York: Scholastic Inc.

Harvard

Barton B., . (1988). I want ot be an Astronaut. New York: Scholastic Inc.

MLA

Barton Byron, . I want ot be an Astronaut. New York: Scholastic Inc. 1988.

  • Place hold
  • Print
  • Cite
  • Add to your cart (remove)
  • Save record
    BIBTEX Dublin Core MARCXML MARC (non-Unicode/MARC-8) MARC (Unicode/UTF-8) MARC (Unicode/UTF-8, Standard) MODS (XML) RIS
  • More searches
    Search for this title in:
    Other Libraries (WorldCat) Other Databases (Google Scholar) Online Stores (Bookfinder.com) Open Library (openlibrary.org)

Exporting to Dublin Core...

SOUTHVILLE LIBRARY

Southville International School and Colleges Library

1281 Tropical Ave. Cor. Luxembourg St., BF Homes International, Las Pinas City

Tel. No. 8256374 / 252358 Loc. 117/146

Powered by Koha